000 00269nam a2200109Ia 4500
008 230907s9999||||xx |||||||||||||| ||und||
082 _a658.4012
_bHIL
245 0 _aStrategic management :
260 _aCengage Brain,
_bStamford :
_c2015
300 _a467 p
942 _cBK
999 _c601141
_d601141